Southville International School and Colleges
Your cart is empty.
  • Cart
  • Lists
    Public lists Eva Luna New books Lux_list list_1
    Your lists Log in to create your own lists
  • Log in to your account
  • Your cookies
  • Search history
Southville International School and Colleges
  • Advanced search
  • Recent comments
  • Most popular
  • Libraries

Log in to your account

Log in with GOOGLE


If you do not have an external account, but do have a local account, you can still log in:

  1. Home
  2. MARC view: Reading together :
Normal view MARC view ISBD view

Reading together : (Record no. 105052)

[ view plain ]
MARC details
000 -LEADER
fixed length control field 00612nam a2200169 a 4500
005 - DATE AND TIME OF LATEST TRANSACTION
control field 20140412111337.0
008 - FIXED-LENGTH DATA ELEMENTS--GENERAL INFORMATION
fixed length control field 050427s19uu xx 00 eng d
020 ## - INTERNATIONAL STANDARD BOOK NUMBER
International Standard Book Number 0-8126-2150-6
050 ## - LIBRARY OF CONGRESS CALL NUMBER
Classification number BB
Item number Re22 1995
100 ## - MAIN ENTRY--PERSONAL NAME
Personal name Adams, Marilyn Jager
245 ## - TITLE STATEMENT
Title Reading together :
Remainder of title a collection for young scholar book /
Statement of responsibility, etc Marilyn Jager Adams.
260 ## - PUBLICATION, DISTRIBUTION, ETC. (IMPRINT)
Place of publication, distribution, etc [s.l.] :
Name of publisher, distributor, etc Open Court Publishing Company,
Date of publication, distribution, etc 1995.
300 ## - PHYSICAL DESCRIPTION
Extent 32 p. ; ill.
500 ## - GENERAL NOTE
General note Contents: Books to the ceiling--Mrs. Goose's Baby--I would'nt--Rags--Down the hill--Grandfather's Garden.
650 ## - SUBJECT ADDED ENTRY--TOPICAL TERM
Topical term or geographic name as entry element Peoms
General subdivision Juvenile literature
Holdings
Withdrawn status Lost status Damaged status Home library Current library Shelving location Date acquired Source of acquisition Total Checkouts Full call number Barcode Date last seen Price effective from Koha item type
      Elizalde Library Elizalde Library Big Books Section 04/27/2005     BB Re22 1995 E9342 04/12/2014 04/12/2014 Books

Reading together :

APA

Adams M. J., . (1995). Reading together. [s.l.]: Open Court Publishing Company.

Chicago

Adams Marilyn Jager, . 1995. Reading together. [s.l.]: Open Court Publishing Company.

Harvard

Adams M. J., . (1995). Reading together. [s.l.]: Open Court Publishing Company.

MLA

Adams Marilyn Jager, . Reading together. [s.l.]: Open Court Publishing Company. 1995.

  • Place hold
  • Print
  • Cite
  • Add to your cart (remove)
  • Save record
    BIBTEX Dublin Core MARCXML MARC (non-Unicode/MARC-8) MARC (Unicode/UTF-8) MARC (Unicode/UTF-8, Standard) MODS (XML) RIS
  • More searches
    Search for this title in:
    Other Libraries (WorldCat) Other Databases (Google Scholar) Online Stores (Bookfinder.com) Open Library (openlibrary.org)

Exporting to Dublin Core...

SOUTHVILLE LIBRARY

Southville International School and Colleges Library

1281 Tropical Ave. Cor. Luxembourg St., BF Homes International, Las Pinas City

Tel. No. 8256374 / 252358 Loc. 117/146

Powered by Koha